000 00644cam a22002293a 4500
001 30830
003 PGUSA
005 20140828083651.0
008 100102s2010||||xxu|||||s|||||000 p eng d
040 _aPGUSA
_beng
042 _adc
050 4 _aPS
100 1 _aCawein, Madison Julius,
_d1865-1914
245 1 0 _aWeeds by the Wall :
_bVerses
_h[electronic resource] /
_cMadison Julius Cawein
260 _bProject Gutenberg,
_c2010
506 _aPublic domain in the USA.
516 _aElectronic text
653 _aAmerican poetry
830 0 _aProject Gutenberg
_v30830
856 4 0 _uhttp://www.gutenberg.org/ebooks/30830
942 _cEB
999 _c260085
_d260085